000 00630nam a22002057a 4500
003 OSt
005 20230313061222.0
008 230313b |||||||| |||| 00| 0 eng d
020 _a9781461269342
040 _aSEKU
050 _aQA 901
_b.C53 1992
100 _aChorin, J. Alexander
245 _aA mathematical introduction to fluid mechanics
260 _aNew York
_bSpringer
300 _a161p;.
_bincludes ill, Drawings and table of contents
440 _aA mathematical introduction to fluid mechanics
500 _aincludes table of contents
700 _aAlexander J. Chorin, Jerrold E. Marsden
942 _2lcc
_cGEN
999 _c18277
_d18277